| 000 | 00626nam a22002537a 4500 | ||
|---|---|---|---|
| 003 | UA-OsUOA | ||
| 001 | 22328 | ||
| 007 | ta | ||
| 008 | 20031218b un ||||| |||| 00| 0 ukr d | ||
| 100 | _aЯрошевский М. Г. | ||
| 090 |
_a159.9(091) _bЯ77 |
||
| 942 | _cBK | ||
| 040 |
_aUA-OsUOA _brus _cUA-OsUOA _dUA-OsUOA |
||
| 245 | _aИстория психологии | ||
| 300 | _a463 с. | ||
| 955 | _a2 | ||
| 041 | _arus | ||
| 080 | _a159.9(091) | ||
| 260 |
_aМ. _bМысль _c1976 |
||
| 044 | _aRU | ||
| 250 | _n2-е изд., перераб. | ||
| 650 | 7 |
_a159.9 Психологія _2UDC |
|
| 999 |
_c308545 _d308545 |
||